African Geographic Groups of Three - Statistics

General Stats
  • This quiz has been taken 1,130 times
  • The average score is 25 of 36
Answer Stats
Group Answer % Correct
Capitals of South Africa Cape Town
97%
Longest rivers by length Nile
97%
Capitals of South Africa Pretoria
94%
Tallest mountains Mount Kilimanjaro
93%
Four letter countries of Africa Chad
92%
Most populous urban areas Cairo
90%
Four letter countries of Africa Togo
90%
Largest cats of Africa Lion
89%
Four letter countries of Africa Mali
89%
Longest rivers by length Congo
88%
Most recent countries to become independent South Sudan
88%
African Great Lakes bordered by Uganda Lake Victoria
87%
Most populous urban areas Lagos
86%
Countries bordering Liberia Guinea
83%
Countries bordering Liberia Sierra Leone
83%
Longest rivers by length Niger
82%
Capitals of South Africa Bloemfontein
81%
Countries bordering Liberia Ivory Coast
80%
Most populous urban areas Johannesburg
77%
Countries that are monarchies Eswatini
76%
Official languages of Equatorial Guinea French
76%
Countries that are monarchies Lesotho
74%
Official languages of Equatorial Guinea Spanish
73%
Largest cats of Africa Cheetah
72%
Official languages of Equatorial Guinea Portuguese
69%
Largest cats of Africa Leopard
68%
Most recent countries to become independent Eritrea
66%
Countries that are monarchies Morocco
61%
Tallest mountains Mount Kenya
59%
Largest ethnic groups of Nigeria Igbo
39%
Most recent countries to become independent Namibia
30%
Largest ethnic groups of Nigeria Yoruba
30%
African Great Lakes bordered by Uganda Lake Albert
21%
Largest ethnic groups of Nigeria Hausa
19%
African Great Lakes bordered by Uganda Lake Edward
15%
Tallest mountains Mount Stanley
10%
No matching quizzes found
Score Distribution
Percent of People with Each Score
Percentile by Number Answered
Your Score History
You have not taken this quiz